Lisa Curry's pregrancy and fitness
| Main Author: | |
|---|---|
| Format: | Book |
| Published: |
Australia :
Collins Angus & Robertson ,
1992
|
| Subjects: |
MARC
| LEADER | 00000cam a2200000 7i4500 | ||
|---|---|---|---|
| 001 | 0000002181 | ||
| 002 | 000002378 | ||
| 005 | 20000330.0 | ||
| 020 | |a 0207170797 | ||
| 090 | 0 | 0 | |a 618.24 |b CUR |
| 100 | 1 | |a Curry, Lisa | |
| 245 | 1 | 0 | |a Lisa Curry's pregrancy and fitness |c Lisa Curry |
| 260 | |a Australia : |b Collins Angus & Robertson , |c 1992 | ||
| 300 | |a 148p. : |b ill ; |c 24cm. | ||
| 650 | 0 | 0 | |a Exercise for women |
| 650 | 0 | 0 | |a Pregnancy |x Nutritional aspects |
| 650 | 0 | 0 | |a Prenatal care |
| 999 | |a 033723 |b BUKU |c PINJAMAN |e PERPUSTAKAAN KOMUNITI PETALING JAYA | ||